Casa-Museu de Guerra Junqueiro (Record no. 7416)

MARC details
000 -CABECERA
campo de control de longitud fija 00718nam a2200241 a 4500
001 - NÚMERO DE CONTROL
campo de control BRCA_7742
005 - FECHA Y HORA DE LA ÚLTIMA TRANSACCIÓN
campo de control 20190320205955.0
008 - DATOS DE LONGITUD FIJA--INFORMACIÓN GENERAL
campo de control de longitud fija 060913s1955----po-a######---#000-0#por-#
041 ## - CÓDIGO DE LENGUA
Código de lengua del texto/banda sonora o título independiente por
044 ## - CÓDIGO DEL PAÍS DE LA ENTIDAD EDITORA/PRODUCTORA
Código MARC del país po
050 #4 - SIGNATURA TOPOGRÁFICA DE LA BIBLIOTECA DEL CONGRESO
Número de clasificación N3236
Número de documento/Ítem .C37 1955
245 10 - MENCIÓN DE TÍTULO
Título Casa-Museu de Guerra Junqueiro
Resto del título guia do visitante.
250 ## - MENCIÓN DE EDICIÓN
Mención de edición 2
260 ## - PUBLICACIÓN, DISTRIBUCIÓN, ETC.
Lugar de publicación, distribución, etc. Oporto, Portugal
Nombre del editor, distribuidor, etc. Camara Municipal do Porto
Fecha de publicación, distribución, etc. 1955
300 ## - DESCRIPCIÓN FÍSICA
Extensión 67 p.
Otras características físicas il., retratos
Dimensiones 19 cm.
500 ## - NOTA GENERAL
Nota general U91
600 14 - PUNTO DE ACCESO ADICIONAL DE MATERIA--NOMBRE DE PERSONA
Nombre de persona Guerra Junqueiro, Abilio
Fechas asociadas al nombre 1850-1923
9 (RLIN) 19157
610 24 - PUNTO DE ACCESO ADICIONAL DE MATERIA--NOMBRE DE ENTIDAD CORPORATIVA
Nombre de entidad corporativa o nombre de jurisdicción como elemento de entrada Casa-Museu de Guerra Junqueiro (Oporto, Portugal)
9 (RLIN) 19158
650 14 - PUNTO DE ACCESO ADICIONAL DE MATERIA--TÉRMINO DE MATERIA
Término de materia o nombre geográfico como elemento de entrada Arte
Subdivisión geográfica Oporto, Portugal
9 (RLIN) 19159
650 14 - PUNTO DE ACCESO ADICIONAL DE MATERIA--TÉRMINO DE MATERIA
Término de materia o nombre geográfico como elemento de entrada Galerías y museos
Subdivisión geográfica Portugal
9 (RLIN) 19160
902 ## - CATALOGADOR
Iniciales GFM
942 ## - ELEMENTOS DE PUNTO DE ACCESO ADICIONAL (KOHA)
Fuente del sistema de clasificación o colocación Library of Congress Classification
Tipo de ítem Koha Libros
Holdings
Estado de retiro Estado de pérdida Estado dañado No para préstamo Localización permanente Ubicación/localización actual Fecha de adquisición Número de inventario Total de préstamos Signatura topográfica completa Código de barras Fecha visto por última vez Precio válido a partir de Tipo de ítem Koha
El ejemplar forma parte de la colección y puede ser consultado según las políticas vigentes.       Biblioteca del Museo Franz Mayer (Rogerio Casas-Alatriste) Biblioteca del Museo Franz Mayer (Rogerio Casas-Alatriste) 05/09/2013 U91   N3236 .C37 1955 (U91) 8351 22/03/2019 22/03/2019 Libros